| Tag |
First Indicator |
Second Indicator |
Subfields |
| LEADER |
00000cas a2200000 4500 |
| 001 |
in00000049145 |
| 005 |
20151007065657.0 |
| 008 |
790905c19629999ii mx p 0uuua0eng d |
| 010 |
|
|
|a sa 65009487
|
| 035 |
|
|
|a (OCoLC)05342118
|
| 035 |
|
|
|9 AAE2463AM
|
| 040 |
|
|
|a CLU
|c CLU
|d TXA
|d UtOrBLW
|
| 049 |
|
|
|a TXAE
|
| 090 |
|
|
|a TK9103
|b .A3
|
| 245 |
0 |
0 |
|a Nuclear India.
|
| 264 |
|
1 |
|a [Bombay] :
|b [S. N. Gupta]
|
| 336 |
|
|
|a text
|b txt
|2 rdacontent
|
| 337 |
|
|
|a unmediated
|b n
|2 rdamedia
|
| 338 |
|
|
|a volume
|b nc
|2 rdacarrier
|
| 362 |
1 |
|
|a Began publication with Sept. 1962 issue.
|
| 550 |
|
|
|a Published on behalf of India's Dept of Atomic Energy.
|
| 650 |
|
0 |
|a Nuclear energy
|v Periodicals.
|
| 650 |
|
0 |
|a Nuclear industry
|z India
|x Periodicals.
|
| 710 |
1 |
|
|a India.
|b Department of Atomic Energy.
|
| 999 |
|
|
|a MARS
|
| 999 |
f |
f |
|s 571f7f5d-a0df-3365-966a-cc437b52b32b
|i e9fe4257-823e-34c9-868e-0ce12b7f7823
|t 0
|
| 952 |
f |
f |
|p ric
|a Texas A&M University
|b Rellis Campus
|c Joint Library Facility
|d Remote Storage
|t 0
|e TK9103 .A3
|h Library of Congress classification
|i unmediated -- volume
|k v.9:no.1-6,8
|l 1970:Sept.-1971:Feb.,Apr.
|m A14842226715
|
| 998 |
f |
f |
|a TK9103 .A3
|s v.9:no.1-6,8 (1970:Sept.-1971:Feb.,Apr.)
|t 0
|l Remote Storage
|